| 000 | 01721nam a2200241Ia 4500 | ||
|---|---|---|---|
| 003 | OSt | ||
| 005 | 20210920155959.0 | ||
| 008 | 210310s1992 cr gr 000 0 spa d | ||
| 020 | _a9977471517 | ||
| 040 |
_aCO-JMCR _cCO-JMCR |
||
| 041 | 0 | _aspa | |
| 082 | 0 | 4 |
_a338.9 / _bG312p _223 |
| 100 | 1 |
_aGeiger, Erwin P., _eautor _928348 |
|
| 245 | 1 | 0 |
_aPrivatización y política económica / _cErwin P. Geiger |
| 250 | _aSegunda edición | ||
| 260 |
_aSan José, Costa Rica : _bLitografía e imprenta, _c1992 |
||
| 300 |
_a86 páginas ; _c22 cm. |
||
| 505 | 0 | _aTendencia mundial a la privatización. -- Privatización en el contexto de la política económica. -- Justificación teórica de la privatización. -- Resumen de cuarenta años de experiencia con empresas estatales. -- Métodos de privatización. -- Etapas de privatización. -- Empresas estatales y la eficiencia. -- Privatización e interés público. -- Obstáculos para la privatización. -- Conclusiones para la política económica. | |
| 520 | _aEn los países ricos los procesos productivos están fundamentalmente a cargo de empresas privadas. Durante los últimos quince años fue haciéndose cada vez más evidente que las empresas del Estado no contribuyeron al crecimiento económico de los países en desarrollo. Los fondos disponibles siempre son limita dos. El gobierno que usa fondos para mantener "empleos" improductivos no tiene los fondos para crear empleos productivos. Los países que siguieron el modelo de economía de mercado, abrieron el camino contra la pobreza y alcanzaron niveles de ingreso sorprendentemente altos. | ||
| 650 | 1 | 4 |
_aPolítica económica _940650 |
| 650 | 2 | 4 |
_aDesarrollo económico _940651 |
| 942 |
_2ddc _cBK |
||
| 999 |
_c12478 _d12478 |
||